| 000 | 01036nam a22002417a 4500 | ||
|---|---|---|---|
| 001 | BD-DhSAU 53 | ||
| 003 | BD-DhSAU | ||
| 005 | 20150422165143.0 | ||
| 008 | 131222b bg a|||| |||| 000 0 b d | ||
| 020 | _cRS. 150 | ||
| 040 |
_cBD-DhSAU _aBD-DhSAU |
||
| 082 |
_2২২ _a630.71507 _bভূঞাস |
||
| 100 | _aভূঞা, মোহাম্মদ হোসেন | ||
| 245 |
_aসম্প্রসারন সংগঠন ও ব্যবস্থাপনা ( Extension organization and management ) / _c মোহাম্মদ হোসেন ভূঞা |
||
| 260 |
_aঢাকা, বাংলাদেশ : _bগুলশান পাবলিকেশান ; _c১৯৯৯ |
||
| 300 |
_a১৭৬ পৃ . : _c২২ সেমি. |
||
| 504 | _aগ্রন্থপঞ্জি অন্তর্ভুক্ত। | ||
| 590 | _anazmul | ||
| 650 | _aসম্প্রসারন সংগঠন | ||
| 650 | _aextentation organization | ||
| 650 | _a ব্রবস্হাপনা | ||
| 650 | _aManagement | ||
| 942 |
_2ddc _cBOOK |
||
| 999 |
_c53 _d53 |
||